00628nam a22001937a 450000500170000001000190001702000340003602000330007003500170010303700130012008200130013310000170014624500520016326000290021527000420024430000190028650000500030550500790035520161206102343.0 aENG-116327-328 a97881730424859(vol-1)c600.00 a9788173042492(vol-2)c800.00 aEN-99859-860 bDBAD/PUB a954.0842 aBimal Prasad aPathway to India's Partition /cby Bimal Prasad aNew DelhibManoharc2016 a4/19,Asaf Ali RoadbNew Delhie110002 a319pc21cm(Hb) aIncludes bibliographical references and index aVol-I- the foundations of Muslim Nationalism,Vol-2- Nation within a Nation